000 00594nam a22002057a 4500
003 OSt
005 20140310182311.0
008 130919t xxu||||| |||| 00| 0 eng d
020 _a0746008066
050 _aQC 563.2
_b.B613 1991
082 _aQC 563.2
_bB613 1991
100 _a Bingham, Jane
_920916
245 _aScience experiments /
_c Jane Bingham.
260 _aOkla :
_bEDC,
_cc1991.
300 _a64 p. :
_bcol. ill. ;
_c26 cm.
650 _aScience
_xExperiments
_xJuvenile literature.
_920917
650 _aScience
_xExperiments.
_920918
942 _2lcc
_cHS
999 _c11686
_d11686